00237nam a2200085Ia 4500008004100000082001400041100001600055245005700071300002300128230907s9999||||xx |||||||||||||| ||und|| a333.7,GXU aXu, Jiuping 0aInnovative approaches towards low carbon economics : axxvii, 436 pages :